000 00489nam a22001817a 4500
003 OSt
005 20140310181708.0
008 121205t xxu||||| |||| 00| 0 eng d
020 _a9715501796
050 _aPL 6058.4
_b.F819 1999
082 _aFIL 899.2113
_bF84 1999
245 _aSugat ng alaala /
_cLazaro Francisco.
260 _aQuezon City , Pjilippines:
_bAteneo de Manila University Press,
_c1999
300 _a370 p. :
_c18 cm
562 _e1
942 _2lcc
_cBK
999 _c1443
_d1443